Normal view
MARC view
- Giridhar,M.V.S.S
Entry Personal Name
001 - CONTROL NUMBER
- control field: 402
003 - CONTROL NUMBER IDENTIFIER
- control field: OSt
005 - DATE AND TIME OF LATEST TRANSACTION
- control field: 20160614104441.0
008 - FIXED-LENGTH DATA ELEMENTS
- fixed length control field: 160614|| aca||aabn | a|a d
040 ## - CATALOGING SOURCE
- Original cataloging agency: OSt
- Transcribing agency: OSt
100 ## - HEADING--PERSONAL NAME
- Personal name: Giridhar,M.V.S.S
670 ## - SOURCE DATA FOUND
- Source citation: Work cat.: (OSt): Hydrology And Watershed Management-II- Volume-1, 2007
